বঙ্গবন্ধু ও চলচ্চিত্র / (Record no. 31239)

MARC details
000 -LEADER
fixed length control field 00950nam a22002057a 4500
003 - CONTROL NUMBER IDENTIFIER
control field BDDh-ASL
005 - DATE AND TIME OF LATEST TRANSACTION
control field 20231015031240.0
008 - FIXED-LENGTH DATA ELEMENTS--GENERAL INFORMATION
fixed length control field 230322s2020 b ||||| |||| 00| 0 b d
040 ## - CATALOGING SOURCE
Original cataloging agency BDDh-ASL
Transcribing agency BDDh-ASL
041 ## - LANGUAGE CODE
Language code of text/sound track or separate title ben
082 ## - DEWEY DECIMAL CLASSIFICATION NUMBER
Classification number 923.79143
Item number HAB
100 1# - MAIN ENTRY--PERSONAL NAME
Personal name হায়াৎ, অনুপম
9 (RLIN) 1044
245 10 - TITLE STATEMENT
Title বঙ্গবন্ধু ও চলচ্চিত্র /
246 ## - VARYING FORM OF TITLE
Title proper/short title Bangabandhu O Chalacchitra (Bangabandhu and Cinema) by Anupam Hayat.
260 ## - PUBLICATION, DISTRIBUTION, ETC.
Place of publication, distribution, etc. ঢাকা :
Name of publisher, distributor, etc. বাংলা একাডেমি,
Date of publication, distribution, etc. 2020.
300 ## - PHYSICAL DESCRIPTION
Extent 71 p. :
Dimensions 22 cm.
490 ## - SERIES STATEMENT
Series statement Mujib100 Publications (জন্মশতবর্ষ গ্রন্থমালা)
650 #0 - SUBJECT ADDED ENTRY--TOPICAL TERM
Topical term or geographic name entry element বঙ্গবন্ধু (Bangabandhu) শেখ মুজিবুর রহমান (Sheikh Mujibur Rahman)
General subdivision মুক্তিযুদ্ধ (Muktijuddha) Liberation War
Geographic subdivision বাংলাদেশ (Bangladesh)
9 (RLIN) 4442
942 ## - ADDED ENTRY ELEMENTS (KOHA)
Source of classification or shelving scheme Dewey Decimal Classification
Koha item type Books
Holdings
Withdrawn status Lost status Source of classification or shelving scheme Damaged status Not for loan Collection code Home library Current library Shelving location Date acquired Source of acquisition Total Checkouts Full call number Barcode Date last seen Copy number Price effective from Koha item type Public note
    Dewey Decimal Classification     Non-fiction Asiatic Society Library Asiatic Society Library General Stacks 03/22/2023 Amar Ekushey Book Fair 2022   923.79143 HAB 119876 03/22/2023 C-1 03/22/2023 Books Y-2020

Powered by Koha